000 00801nam a2200241Ia 4500
008 180523s9999 xx 000 0 und d
020 _a978-1-4129-6156-1
050 _aMAIN HF 5549.5
050 _b.D37H86 2012
245 0 _a Human resource information systems :
245 0 _bbasics, applications, and future directions /
245 0 _cedited by Michael J. Kavanagh, Mohan Thite, Richard D. Johnson.
250 _a2nd Edition
260 _aSingapore :
260 _bSAGE Publications Asia-Pacific Pte Ltd
260 _c2012
300 _a623 pages :
300 _billustrations ;
300 _c23 cm.
500 _aIncludes bibliographical references and index.
650 _aPersonnel management -- Information technology.
650 _xPersonnel management -- Data processing.
999 _c357164
_d357164